01526nam a2200265Ia 4500001000600000003000900006008004100015040001300056040001300069041001300082100002100095100002900116245003200145245003200177250001100209260000900220260001200229260004900241300005700290500081300347650002401160650003101184700001601215700002901231H0800IT-RoPAU130308s9999 xx 000 0 und d aIT-RoPAU cIT-RoPAU aITALIANO aFerrante Massimo gCodice Aut. SPICS: 56470 aFenomeno organizzativo (Il) bFenomeno Organizzativo (Il) a5a ed. aROMA bCarocci c2000 [1° Ed.:1994 - Ed.Ling.Originale:1994] a"256 p. (prefazione: no ; testo: 256 [pagine: 0-0])" a"Che Cos'E' Un'Organizzazione?: Sono Tutte Uguali?; Differenziazione e Integrazione; Organizzazione Come meccanismo D'Influenza dei comportamenti Individuali. Struttura: Natura, Modelli e Tipi di Strutture; tipologie Organizzative. Cultura: Cultura e Organizzazione; Attivazione e Apprendimento; Comportamento, Razionalità e Decisioni. Potere: Potere e Organizzazione; Potere Come Autorità, Come Scambio, Come Influenza. Ambiente: Ricerca dell'Efficienza; Ambiente Come Rete di Organizzazioni; Organizzazione e Ambiente. Come cambiare le Organizzazioni?: Perche' le Organizzazioni cambiano così Poco?; Sviluppo Organizzativo; Sviluppo per Fasi; Governo dell'Organizzazionee Governo del cambiamento Organizzativo. Appendice: Percorsi di Verifica. indicazioni bibliografiche al Termine di Ogni Capitolo." aSAGGI DI SOCIOLOGIA eCodice materia Spics: 3657 aZan Stefano gCodice Aut. SPICS: 56471